War and Decolonization in Ukraine

Esej považuje konflikt na Ukrajine za vojnu o odstraňovanie foriem koloniálneho systému. Chápe dekolonizáciu ako prax vytvárajúcu svetový poriadok, ktorý utvára medzinárodné vzťahy z imperiálnych vzťahov. Autor skúma perspektívy ukrajinského konfliktu a jeho následky pre svetovú politiku.

Salvato in:
Dettagli Bibliografici
Autore principale: Barkawi, Tarak
Natura: Capitolo di libro
Lingua:inglese
Soggetti:
Tags: Aggiungi Tag
Nessun Tag, puoi essere il primo ad aggiungerne!!

MARC

LEADER 00000naa a2200000 4500
001 0297113
005 20231114085334.6
041 0 |a eng 
044 |a GB 
245 1 0 |a War and Decolonization in Ukraine  |c Tarak Barkawi 
520 |a Esej považuje konflikt na Ukrajine za vojnu o odstraňovanie foriem koloniálneho systému. Chápe dekolonizáciu ako prax vytvárajúcu svetový poriadok, ktorý utvára medzinárodné vzťahy z imperiálnych vzťahov. Autor skúma perspektívy ukrajinského konfliktu a jeho následky pre svetovú politiku. 
610 2 0 |a vojny 
610 2 0 |a vzťahy medzinárodné 
610 2 0 |a nezávislosť 
610 2 0 |a kolonializmus 
610 2 0 |a Ukrajina 
610 2 0 |a Rusko 
100 1 |a Barkawi, Tarak